Civil Society: (Record no. 1003)
[ view plain ]
| 000 -LEADER | |
|---|---|
| fixed length control field | 00535nam a2200217Ia 4500 |
| 005 - DATE AND TIME OF LATEST TRANSACTION | |
| control field | 20250317011819.0 |
| 008 - FIXED-LENGTH DATA ELEMENTS--GENERAL INFORMATION | |
| fixed length control field | 240331s9999 xx 000 0 und d |
| 020 ## - INTERNATIONAL STANDARD BOOK NUMBER | |
| ISBN | 0415132193 |
| 082 ## - DDC Classification | |
| Class No. | 301 |
| Item Number - Author Mark | CIV |
| DDC Edition Number | 2546 |
| 245 #0 - TITLE STATEMENT | |
| Title | Civil Society: |
| Remainder of title | Challenging Western Models |
| 260 ## - PUBLICATION, DISTRIBUTION, ETC. | |
| Place of publication, distribution, etc. | London; |
| -- | New York, |
| Name of publisher, distributor, etc. | Routledge |
| Date of publication, distribution, etc. | 1996 |
| 300 ## - PHYSICAL DESCRIPTION | |
| Extent (e.g. Volumes, Pages etc.) | viii, 248 p., |
| 650 ## - SUBJECT ADDED ENTRY--TOPICAL TERM | |
| Topical term or geographic name entry element | Society |
| 650 ## - SUBJECT ADDED ENTRY--TOPICAL TERM | |
| Topical term or geographic name entry element | Anti-sematism |
| 650 ## - SUBJECT ADDED ENTRY--TOPICAL TERM | |
| Topical term or geographic name entry element | Civic |
| 650 ## - SUBJECT ADDED ENTRY--TOPICAL TERM | |
| Topical term or geographic name entry element | Gender |
| 650 ## - SUBJECT ADDED ENTRY--TOPICAL TERM | |
| Topical term or geographic name entry element | Community |
| 700 ## - ADDED ENTRY--PERSONAL NAME | |
| Personal name | Hann, C |
| Relator term (Role) | Editor |
| 700 ## - ADDED ENTRY--PERSONAL NAME | |
| Personal name | Dunn, E |
| Relator term (Role) | Editor |
| 942 ## - Koha item type (Biblio) | |
| Koha item type | Books in Stacks (Lending) |
| Lost status | Damaged status | Collection code | Home library | Current library | Shelving location | Date acquired | Full call number | Accession Number | Item type |
|---|---|---|---|---|---|---|---|---|---|
| Lending | WERC Library | WERC Library | Social Science Cupboard | 03/31/2024 | 301 CIV | 2546 | Books in Stacks (Lending) |
